[Event "Galego-ch U18"]
[Site "Ferrol"]
[Date "2018.02.11"]
[Round "3"]
[White "Bringas Gomez, Artai"]
[Black "Fernandez Lopez, Alejandro I"]
[Result "1/2-1/2"]
[WhiteElo "1850"]
[BlackElo "1885"]
[PlyCount "48"]
[EventDate "2018.02.10"]
[EventType "swiss"]
[EventRounds "8"]
[EventCountry "ESP"]
[SourceTitle "EXT 2024"]
[Source "ChessBase"]
[SourceDate "2023.10.10"]
[SourceVersion "1"]
[SourceVersionDate "2023.10.10"]
[SourceQuality "1"]

1. e4 e6 2. d4 d5 3. Nd2 a6 4. Ngf3 c5 5. exd5 exd5 6. Bd3 c4 7. Be2 Bd6 8. 0-0 Ne7 9. b3 b5 10. Re1 0-0 11. a4 Bb7 12. Nf1 Nd7 13. Bg5 Qc7 14. Ne3 Ng6 15. Nf5 Bb4 16. Bd2 Bxd2 17. Qxd2 Nf6 18. Bf1 Ne4 19. Qe3 Qd7 20. N3h4 Nxh4 21. Nxh4 f5 22. f4 Rfe8 23. Nf3 Qd6 24. Ne5 Re7 1/2-1/2

[Event "Galego-ch U18"]
[Site "Ferrol"]
[Date "2018.02.11"]
[Round "4"]
[White "Fernandez Lopez, Alejandro I"]
[Black "Suarez Rozas, David"]
[Result "1/2-1/2"]
[WhiteElo "1885"]
[BlackElo "1659"]
[PlyCount "103"]
[EventDate "2018.02.10"]
[EventType "swiss"]
[EventRounds "8"]
[EventCountry "ESP"]
[SourceTitle "EXT 2024"]
[Source "ChessBase"]
[SourceDate "2023.10.10"]
[SourceVersion "1"]
[SourceVersionDate "2023.10.10"]
[SourceQuality "1"]

1. e4 e6 2. d4 d5 3. Bd3 c5 4. exd5 exd5 5. Nf3 Nf6 6. 0-0 Be7 7. dxc5 Bxc5 8. Re1+ Be7 9. Qe2 Bg4 10. b3 Bxf3 11. Bb5+ Nc6 12. gxf3 Kf8 13. Bb2 a6 14. Bd3 g6 15. f4 Kg7 16. Nc3 d4 17. Ne4 Nxe4 18. Bxe4 Bf6 19. Qf3 Qc7 20. Rad1 Rad8 21. Rd2 Qa5 22. Red1 Qxa2 23. Ba1 Rd6 24. c4 Qa3 25. Bxc6 bxc6 26. Bxd4 Bxd4 27. Rxd4 Rxd4 28. Rxd4 Qa1+ 29. Rd1 Qf6 30. c5 Qf5 31. Qc3+ f6 32. Re1 Rd8 33. Qe3 Rd7 34. Qe6 Qd5 35. b4 Qd2 36. Re3 Qd1+ 37. Kg2 Qd5+ 38. Qxd5 Rxd5 39. Re7+ Kh6 40. Rc7 a5 41. bxa5 Rxc5 42. a6 Ra5 43. Rxc6 f5 44. Kf3 Kh5 45. h3 Ra3+ 46. Kg2 Kh6 47. Rb6 Ra4 48. Kg3 Ra3+ 49. f3 Ra2 50. h4 Kh5 51. Rb7 h6 52. a7 1/2-1/2

[Event "Mondariz Balneario op 3rd"]
[Site "Mondariz Balneario"]
[Date "2016.08.24"]
[Round "9.7"]
[White "Maquieira Vidal, Alvaro"]
[Black "Fernandez Lopez, Alejandro I"]
[Result "0-1"]
[WhiteElo "2091"]
[BlackElo "1914"]
[PlyCount "124"]
[EventDate "2016.08.17"]
[EventType "swiss"]
[EventRounds "9"]
[EventCountry "ESP"]
[SourceTitle "EXT 2024"]
[Source "ChessBase"]
[SourceDate "2023.10.10"]
[SourceVersion "1"]
[SourceVersionDate "2023.10.10"]
[SourceQuality "1"]

1. e4 e6 2. Nc3 d5 3. d4 Nf6 4. Bg5 Be7 5. e5 Nfd7 6. h4 c5 7. Bxe7 Kxe7 8. f4 a6 9. Nf3 Nc6 10. g3 cxd4 11. Nxd4 Qb6 12. Nxc6+ bxc6 13. Qd3 a5 14. b3 Ba6 15. Qd2 c5 16. Na4 Qb4 17. Qxb4 axb4 18. a3 Bxf1 19. Rxf1 c4 20. axb4 cxb3 21. cxb3 Rhb8 22. Kd2 Rxb4 23. Kc3 Rab8 24. Rab1 f6 25. exf6+ gxf6 26. Rfd1 e5 27. fxe5 fxe5 28. Rxd5 Rxa4 29. Rbd1 Ra7 30. g4 Rb6 31. g5 Rab7 32. Kc2 Rb4 33. h5 Rg4 34. g6 hxg6 35. hxg6 Rxg6 36. Rh1 Ke6 37. Ra5 Rb6 38. Rh3 Nf6 39. Re3 Nd5 40. Re2 Rg3 41. Ra3 Nb4+ 42. Kb2 Rb5 43. Ra8 Nd3+ 44. Kc2 Nf4 45. Re8+ Kf5 46. Re1 Rc5+ 47. Kb1 Rxb3+ 48. Ka2 Rb6 49. Rf8+ Kg4 50. Ra8 Kf3 51. Ra3+ Kf2 52. Ree3 Nd5 53. Rf3+ Ke2 54. Rfb3 Rxb3 55. Rxb3 e4 56. Ka1 e3 57. Rb2+ Kd3 58. Rb3+ Rc3 59. Rb5 e2 60. Kb2 Kc4 61. Rb8 e1Q 62. Rb4+ Kxb4 0-1

[Event "Mondariz Balneario op 3rd"]
[Site "Mondariz Balneario"]
[Date "2016.08.23"]
[Round "8.13"]
[White "Fernandez Lopez, Alejandro I"]
[Black "Iglesias Gonzalez, Sabela"]
[Result "1-0"]
[WhiteElo "1914"]
[BlackElo "1330"]
[PlyCount "41"]
[EventDate "2016.08.17"]
[EventType "swiss"]
[EventRounds "9"]
[EventCountry "ESP"]
[SourceTitle "EXT 2024"]
[Source "ChessBase"]
[SourceDate "2023.10.10"]
[SourceVersion "1"]
[SourceVersionDate "2023.10.10"]
[SourceQuality "1"]

1. e4 e6 2. d4 d5 3. Nc3 Nf6 4. e5 Nfd7 5. f4 c5 6. Nf3 Nc6 7. Be3 Qb6 8. a3 cxd4 9. Nxd4 a6 10. Be2 Bc5 11. Na4 Qa5+ 12. c3 Bxd4 13. Bxd4 Nxd4 14. Qxd4 b6 15. 0-0 Nc5 16. b4 Qxa4 17. bxc5 Qc2 18. Bd1 bxc5 19. Qxc5 Qe4 20. Qc6+ Kd8 21. Qxa8 1-0

[Event "Gallego-ch U18"]
[Site "Viveiro"]
[Date "2016.02.08"]
[Round "5"]
[White "Represa Perez, Mireya"]
[Black "Fernandez Lopez, Alejandro I"]
[Result "1-0"]
[WhiteElo "1858"]
[BlackElo "1788"]
[PlyCount "93"]
[EventDate "2016.02.06"]
[EventType "swiss"]
[EventRounds "8"]
[EventCountry "ESP"]
[SourceTitle "EXT 2024"]
[Source "ChessBase"]
[SourceDate "2023.10.10"]
[SourceVersion "1"]
[SourceVersionDate "2023.10.10"]
[SourceQuality "1"]

1. e4 e6 2. d4 d5 3. Nc3 Nf6 4. e5 Nfd7 5. f4 c5 6. Nf3 Nc6 7. Be3 Qb6 8. Na4 Qa5+ 9. c3 cxd4 10. b4 Nxb4 11. cxb4 Bxb4+ 12. Bd2 Bxd2+ 13. Nxd2 0-0 14. Bd3 b5 15. Nb2 Nb6 16. Qc2 Nc4 17. Bxh7+ Kh8 18. Nbxc4 bxc4 19. 0-0 d3 20. Bxd3 cxd3 21. Qxd3 Ba6 22. Qh3+ Kg8 23. Rf2 Rac8 24. f5 Qc3 25. Qxc3 Rxc3 26. fxe6 fxe6 27. Nf3 Rfc8 28. h3 Re3 29. Rb1 Re4 30. Kh2 d4 31. Rb4 Rd8 32. Rd2 Be2 33. Rbxd4 Rexd4 34. Rxd4 Rd5 35. Rxd5 exd5 36. Nd4 Bc4 37. a3 Kf7 38. Kg3 Kg6 39. Kf3 Bd3 40. g3 Kg5 41. h4+ Kg6 42. g4 Kf7 43. Kf4 a6 44. e6+ Ke7 45. Ke5 Be4 46. Nc6+ Ke8 47. Kd6 1-0

[Event "Gallego-ch U18"]
[Site "Viveiro"]
[Date "2016.02.07"]
[Round "3"]
[White "Fernandez Lopez, Alejandro I"]
[Black "Perez Sanchez, Alberto"]
[Result "1/2-1/2"]
[WhiteElo "1788"]
[BlackElo "1657"]
[PlyCount "30"]
[EventDate "2016.02.06"]
[EventType "swiss"]
[EventRounds "8"]
[EventCountry "ESP"]
[SourceTitle "EXT 2024"]
[Source "ChessBase"]
[SourceDate "2023.10.10"]
[SourceVersion "1"]
[SourceVersionDate "2023.10.10"]
[SourceQuality "1"]

1. e4 e5 2. Bc4 c6 3. Nc3 Nf6 4. d3 d5 5. exd5 cxd5 6. Bb3 Nc6 7. a3 Be6 8. Nf3 h6 9. Qe2 Bd6 10. h3 a6 11. Bd2 Qe7 12. g4 d4 13. Ne4 Nxe4 14. Qxe4 Bxb3 15. cxb3 Rc8 1/2-1/2